[Event "2015 REGULAR QUAD, S50049"]
[Site "CCLA"]
[Date "2015.02.20"]
[Round "?"]
[White "Martindale, Roger"]
[Black "Taylor, Bobby C."]
[Result "1/2-1/2"]
[WhiteElo "1174"]
[BlackElo "1575"]

1. e4 c5 2. c4 Nc6 3. Nf3 e5 4. Nc3 Nge7 5. d3 d6 6. h3 a6 7. a3 Rb8 8. 
Be2 b5 9. Nd5 Nxd5 10. cxd5 Nd4 11. Nxd4 cxd4 12. b4 Be7 13. Qc2 Bd7 14. 
Qd1 O-O 15. Bd2 Rc8 16. O-O f5 17. f4 fxe4 18. dxe4 Bh4 19. f5 Bg5 20. g4 
Bxd2 21. Qxd2 h6 22. Kg2 Qg5 23. Qxg5 hxg5 24. Rfc1 Rc3 25. Rxc3 dxc3 26. 
Bd3 Ra8 27. Rc1 Rc8 28. Bc2 Kf7 29. Rh1 Rh8 30. Re1 Kf6 1/2-1/2

[Event "2015 Server Team Champ - Div 4, S54999"]
[Site "CCLA"]
[Date "2015.10.28"]
[Round "?"]
[White "Fritsch, Michael"]
[Black "Zarges, Ron V."]
[Result "0-1"]
[WhiteElo "1390"]
[BlackElo "1663"]
[Board "2"]
[WhiteTeam "Pennsylvania Duck Patrol"]
[BlackTeam "Norsemen"]

1. e4 c5 2. Bc4 e6 3. Nf3 Nc6 4. Nc3 Nf6 5. d3 Be7 6. e5 Ng4 7. h3 Ngxe5 
8. Nxe5 Nxe5 9. Bb3 O-O 10. Be3 d5 11. Ne2 d4 12. Bf4 Ng6 13. Bd2 e5 14. 
Ng3 b6 15. Qf3 Rb8 16. O-O Nh4 17. Qe4 Bf6 18. Nh5 Bf5 19. Qe2 Ng6 20. g4 
Be6 21. f3 Bxb3 22. cxb3 Qe7 23. Nxf6+ Qxf6 24. f4 Nxf4 25. Bxf4 exf4 26. 
Rf3 Rbe8 27. Qh2 Qh4 28. Rxf4 Re1+ 29. Rxe1 Qxe1+ 30. Rf1 Qe3+ 31. Qf2 
Qxf2+ 32. Rxf2 Re8 33. h4 Re3 34. Rd2 Rg3+ 35. Kf2 Rxg4 36. Re2 Kf8 37. 
Kf3 Rxh4 38. Re5 f6 39. Rd5 Ke7 40. b4 Rh3+ 41. Kg2 Re3 42. bxc5 Re5 43. 
Rxd4 Rxc5 44. Kf3 h5 45. b4 Rf5+ 46. Kg3 g5 47. Re4+ Kd7 48. a4 Rf4 49. 
Rxf4 gxf4+ 50. Kxf4 Ke6 51. d4 Kd5 52. Kg3 Kxd4 53. Kh4 f5 54. Kxh5 Ke3 
55. Kh4 f4 56. Kh3 Ke2 57. Kg2 f3+ 58. Kg3 f2 59. Kf4 f1=Q+ 60. Ke5 Qd1 
61. a5 Ke3 62. axb6 axb6 63. b5 Qd4+ 64. Kf5 Qe4+ 65. Kf6 Kf4 66. Kf7 Kg5 
67. Kg7 Qe7+ 68. Kg8 Kg6 69. Kh8 Qh7# 0-1

[Event "2015 NA Class D Ch - Rd 1 Sect 2, S50121"]
[Site "CCLA"]
[Date "2015.04.27"]
[Round "?"]
[White "Martindale, Roger"]
[Black "Cain, Larry F."]
[Result "0-1"]
[WhiteElo "1188"]
[BlackElo "1325"]

1. e4 c5 2. c4 Nc6 3. Nf3 e5 4. Nc3 Nf6 5. d3 h6 6. h3 d6 7. a3 Be7 8. Nd5
Be6 9. Nxe7 Qxe7 10. Be2 O-O 11. O-O Qd7 12. Nh4 Bxh3 13. Nf5 Bxf5 14. 
exf5 Qxf5 15. g4 Qe6 16. f3 Nd4 17. Kf2 Nh7 18. Rh1 b6 19. Bf1 Ng5 20. Bg2
Rad8 21. b4 a6 22. Bd2 Qf6 23. Bxg5 Qxg5 24. Rh5 Qf4 25. Qh1 Qd2+ 26. Kg3 
Ne2+ 27. Kh3 Qf4 28. Qh2 Qxh2+ 29. Kxh2 Nf4 30. Rh4 Kh7 31. Bf1 g5 32. 
Rxh6+ Kxh6 33. Kg3 Kg6 34. Bg2 Nxd3 35. Rb1 f6 36. b5 a5 37. Bf1 Nf4 38. 
Bg2 Nxg2 39. Kxg2 f5 40. Rh1 Rh8 41. Re1 Rhe8 42. gxf5+ Kxf5 43. Kg3 e4 
44. fxe4+ Ke5 45. Kf3 Rf8+ 46. Kg4 Rf4+ 47. Kxg5 Rg8+ 48. Kh5 Rgg4 0-1

[Event "2015 REGULAR QUAD, S50279"]
[Site "CCLA"]
[Date "2015.07.03"]
[Round "?"]
[White "Martindale, Roger"]
[Black "Mann, Wallace"]
[Result "0-1"]
[WhiteElo "1174"]
[BlackElo "1532"]

1. e4 c5 2. c4 Nc6 3. Nc3 g6 4. g4 d6 5. h3 Bg7 6. Nf3 e6 7. a3 Nge7 8. d3
a6 9. Be3 Qc7 10. Bf4 Nd4 11. Nxd4 cxd4 12. Ne2 e5 13. Bg3 Bd7 14. Nc1 b5 
15. b3 bxc4 16. bxc4 Qa5+ 17. Qd2 Qxd2+ 18. Kxd2 Rb8 19. Ke1 Rb2 20. Be2 
Bh6 21. Na2 a5 22. Rh2 Rb3 23. h4 O-O 24. Nc1 Rb2 25. f3 Rfb8 26. Kf2 Ba4 
27. g5 Bf8 28. f4 exf4 29. Bxf4 Nc6 30. Kf3 Ne5+ 31. Bxe5 dxe5 32. Rh1 Rd2
33. Ra2 Rbb2 34. Rxb2 Rxb2 35. Bf1 Bxa3 36. Ne2 Bd1 37. h5 gxh5 38. Rxh5 
Bf8 39. g6 Bg7 40. gxh7+ Kh8 41. Kf2 a4 42. Rf5 f6 43. c5 a3 44. Kf3 a2 
0-1

[Event "2015 REGULAR QUAD, S50259"]
[Site "CCLA"]
[Date "2015.06.10"]
[Round "?"]
[White "Martindale, Roger"]
[Black "Bearce, Harold L."]
[Result "1-0"]
[WhiteElo "1174"]
[BlackElo "1095"]

1. e4 c5 2. c4 Nf6 3. d3 Nc6 4. Nc3 e6 5. Nf3 Be7 6. h3 O-O 7. a3 d6 8. 
Be2 b6 9. O-O Bb7 10. Be3 Qd7 11. Qd2 a6 12. Na4 Qc7 13. b3 Bc8 14. g4 b5 
15. Nc3 Na5 16. Bd1 Bd7 17. Kg2 Rfb8 18. d4 cxd4 19. Nxd4 b4 20. axb4 Nc6 
21. f3 Rxb4 22. Nxc6 Bxc6 23. Bc2 Rb7 24. Qd3 a5 25. Nb5 Bxb5 26. cxb5 Qb8
27. Rh1 Rxb5 28. Ra4 d5 29. Bf2 dxe4 30. fxe4 h6 31. Bg3 Qb7 32. Bd1 Nxe4 
33. Bf3 Nc5 34. Bxb7 Rxb7 35. Qf3 Raa7 36. Rf4 Rxb3 37. Qc6 Kh8 38. Qe8+ 
Kh7 39. Rxf7 1-0

[Event "2015 REGULAR QUAD, S50259"]
[Site "CCLA"]
[Date "2015.06.10"]
[Round "?"]
[White "Martindale, Roger"]
[Black "Rager, Mark"]
[Result "0-1"]
[WhiteElo "1174"]
[BlackElo "1400"]

1. e4 c5 2. c4 Nc6 3. Nf3 e6 4. Nc3 Nf6 5. d3 Qc7 6. h3 a6 7. a3 Be7 8. 
Be2 O-O 9. g4 b5 10. cxb5 axb5 11. Nxb5 Qb8 12. a4 Ba6 13. d4 Nxe4 14. Bd3
cxd4 15. Bxe4 Bxb5 16. Nxd4 Qe5 17. Nxb5 Qxe4+ 18. Kd2 Bb4+ 19. Nc3 Ra5 
20. Qe1 Rd5# 0-1

[Event "2015 REGULAR QUAD, S50219"]
[Site "CCLA"]
[Date "2015.05.11"]
[Round "?"]
[White "Selby, Robin"]
[Black "Perry, William E."]
[Result "0-1"]
[WhiteElo "1190"]
[BlackElo "1440"]

1. e4 c5 2. c4 Nc6 3. Nc3 g6 4. Nf3 Bg7 5. Be2 Nf6 6. O-O O-O 7. b3 Nd4 8.
 Ba3 Nxe2+ 9. Nxe2 Nxe4 10. Rb1 d6 11. Bb2 Nf6 12. d4 cxd4 13. Bxd4 Bf5 
14. Rc1 Qa5 15. Nc3 a6 16. Qd2 Ne4 17. Qe1 Bxd4 18. Nxd4 Nxc3 19. Qxc3 
Qxc3 20. Rxc3 Bd7 21. Re1 Rfe8 22. Rg3 Kf8 23. h4 h5 24. Ree3 Kg7 25. f4 
Kf6 26. Kh2 b5 27. Ref3 Bg4 28. Re3 bxc4 29. bxc4 Rac8 30. Re4 Rxc4 31. 
Rd3 Bf5 32. Nxf5 Rxe4 33. Ng3 Ra4 34. Rd2 Rxf4 35. Kg1 Ra4 36. Kh2 Rb8 37.
 Rf2+ Kg7 38. Kh3 Rb1 39. Kh2 Ra1 40. Re2 e6 41. Rc2 Rxh4# 0-1

[Event "Summer Series, S50331"]
[Site "CCLA"]
[Date "2015.07.25"]
[Round "?"]
[White "McLaughlin, Ed"]
[Black "Acosta, Errol"]
[Result "0-1"]
[WhiteElo "1507"]
[BlackElo "1494"]

1. e4 c5 2. f4 d6 3. Nf3 Nc6 4. Bc4 Nf6 5. O-O e6 6. d3 g6 7. c3 Bg7 8. 
Be3 O-O 9. Kh1 Na5 10. Bb5 a6 11. Ba4 b5 12. Bc2 Nc6 13. Nbd2 Bb7 14. Qe1 
Nd7 15. Qf2 Nb6 16. Bb3 Na4 17. Rab1 c4 18. Bxa4 bxa4 19. Nxc4 Qe7 20. Nb6
Rab8 21. Nxa4 Ba8 22. Nb6 Rb7 23. Nxa8 Rxa8 24. Nd4 Nxd4 25. Bxd4 f6 26. 
b3 e5 27. fxe5 dxe5 28. Bc5 Qc7 29. d4 exd4 30. Bxd4 Re8 31. Rbe1 Qc6 32. 
e5 fxe5 33. Qg3 Rbe7 34. Qg5 Re6 35. Be3 e4 36. c4 Re5 37. Qg4 Rh5 38. Bg1
Ree5 39. Rf4 Reg5 40. Qd1 Re5 41. Bd4 Re7 42. Bxg7 Kxg7 43. Qd4+ Kh6 44. 
Rexe4 Rd7 45. Qa1 Rd2 46. Qc1 Rd6 47. Rd4 Re6 48. Rf7+ g5 49. Rdd7 Qe4 50.
 Rxh7+ Qxh7 51. Rxh7+ Kxh7 52. g4 Rhh6 53. Qxg5 Re1+ 54. Kg2 Re2+ 55. Kf3 
Rhxh2 56. Qf5+ Kg7 57. Qd7+ Kf6 58. Qd6+ Kg7 59. Qd7+ Kf8 60. Qd8+ Kg7 61.
 Qd4+ Kf8 62. a3 Rhg2 63. b4 Rd2 64. Qe4 Rdf2+ 0-1

[Event "Winter Series, S50061"]
[Site "CCLA"]
[Date "2015.01.28"]
[Round "?"]
[White "Acosta, Errol"]
[Black "Cain, Larry F."]
[Result "1-0"]
[WhiteElo "1494"]
[BlackElo "1353"]

1. e4 c5 2. f4 Nc6 3. Nf3 d6 4. Bc4 e6 5. O-O Nf6 6. Nc3 a6 7. d4 cxd4 8. 
Nxd4 d5 9. Nxc6 bxc6 10. Bd3 Be7 11. e5 Ng8 12. Qf3 Bc5+ 13. Kh1 Nh6 14. 
Qh5 Bf8 15. Ne2 g6 16. Qf3 Bg7 17. g4 O-O 18. Ng3 Qh4 19. g5 Nf5 20. Bd2 
Qh3 21. Nxf5 Qxf3+ 22. Rxf3 exf5 23. Bb4 Re8 24. Bd6 Be6 25. c3 d4 26. 
cxd4 Bd5 27. Kg2 h5 28. gxh6 Bxh6 29. Kg3 Bxf3 30. Kxf3 Kg7 31. Rc1 Rh8 
32. Rxc6 Kg8 33. Bc4 Bg7 34. Kg3 a5 35. Rc7 Kh7 36. Rxf7 Rac8 37. b3 Kh6 
38. Ra7 a4 39. Rxa4 Kh5 40. d5 Rhe8 41. Ra7 Rg8 42. a4 Bh6 43. Be2# 1-0

[Event "2015 REGULAR QUAD, S50089"]
[Site "CCLA"]
[Date "2015.03.06"]
[Round "?"]
[White "Catania, Duane"]
[Black "Garner Jr., Curtis E."]
[Result "1-0"]
[WhiteElo "1642"]
[BlackElo "1600"]

1. e4 c5 2. f4 d5 3. e5 Nc6 4. Nf3 Bg4 5. h3 Bxf3 6. Qxf3 e6 7. Bb5 a6 8. 
Bxc6+ bxc6 9. O-O Ne7 10. Nc3 Nf5 11. d3 1-0

[Event "2015 REGULAR QUAD, S50199"]
[Site "CCLA"]
[Date "2015.05.01"]
[Round "?"]
[White "Acosta, Errol"]
[Black "Mann, Wallace"]
[Result "1-0"]
[WhiteElo "1494"]
[BlackElo "1532"]

1. e4 c5 2. f4 d5 3. e5 Nc6 4. Nf3 Bg4 5. Bb5 Qb6 6. Be2 e6 7. c3 Nge7 8. 
d3 Nf5 9. O-O h5 10. h3 Bxf3 11. Bxf3 h4 12. Bg4 Nce7 13. b3 Nh6 14. Bf3 
Nhf5 15. Kh2 Nc6 16. Na3 Rh6 17. Nc2 a5 18. Ne3 Nce7 19. Ng4 Rh8 20. Bb2 
Nh6 21. c4 Nxg4+ 22. hxg4 g6 23. d4 dxc4 24. dxc5 Qxc5 25. Rc1 Nc6 26. 
Rxc4 Qb6 27. Bxc6+ bxc6 28. Rf3 Rd8 29. Qc2 1-0

[Event "2015 REGULAR QUAD, S50389"]
[Site "CCLA"]
[Date "2015.09.16"]
[Round "?"]
[White "Acosta, Errol"]
[Black "Howard, Christopher"]
[Result "1-0"]
[WhiteElo "1494"]
[BlackElo "1503"]

1. e4 c5 2. f4 d5 3. e5 Nc6 4. Nf3 Bf5 5. c3 f6 6. Bb5 a6 7. Bxc6+ bxc6 8.
 Nh4 Qc8 9. O-O e6 10. Nxf5 exf5 11. e6 Qc7 12. d4 Bd6 13. Be3 1-0

[Event "Summer Series, S50331"]
[Site "CCLA"]
[Date "2015.07.25"]
[Round "?"]
[White "Acosta, Errol"]
[Black "Anderson, Lawrence D."]
[Result "1-0"]
[WhiteElo "1494"]
[BlackElo "1435"]

1. e4 c5 2. f4 d5 3. e5 Nc6 4. Nf3 Bg4 5. Bb5 Qb6 6. Be2 e6 7. Nc3 f6 8. 
d3 Bxf3 9. Bxf3 Nge7 10. Rb1 Ng6 11. Be3 d4 12. exf6 dxe3 13. fxg7 Bxg7 
14. Bh5 O-O-O 15. O-O c4 16. Qf3 Bxc3 17. bxc3 e2+ 18. Rxb6 exf1=Q+ 19. 
Qxf1 axb6 20. d4 1-0

[Event "Summer Series, S50331"]
[Site "CCLA"]
[Date "2015.07.25"]
[Round "?"]
[White "Acosta, Errol"]
[Black "Nurmi, Ronald"]
[Result "0-1"]
[WhiteElo "1494"]
[BlackElo "1469"]

1. e4 d5 2. e5 c5 3. f4 Nc6 4. Nf3 Bg4 5. Bb5 e6 6. O-O Ne7 7. c3 Qb6 8. 
Na3 Nf5 9. Ba4 c4+ 10. Kh1 Be7 11. Bc2 O-O 12. d4 cxd3 13. Bxd3 a6 14. Bc2
Rad8 15. h3 Bxf3 16. Qxf3 Nh4 17. Qd3 g6 18. b4 Nf5 19. Bd2 d4 20. c4 Ne3 
21. c5 Qc7 22. Bxe3 dxe3 23. Qxe3 Nxb4 24. Be4 Bxc5 25. Qc3 b6 26. Nc2 
Nxc2 27. Qxc2 Rd4 28. Rac1 Rfd8 29. Bf3 Rd2 30. Qb3 R8d3 31. Qb1 Qd7 32. 
Kh2 Qd4 33. Bb7 a5 34. Ba6 Rc3 35. Rxc3 Qxc3 36. Rc1 Qd4 37. Rf1 Rf2 38. 
Qb5 Qxf4+ 39. Kh1 Rxf1+ 40. Qxf1 Qxf1+ 41. Bxf1 Bd4 42. g4 Bxe5 43. a4 Kf8
44. Kg2 Ke7 45. Kf3 Kd6 46. Bb5 g5 47. Ke4 Bf4 48. Kd4 f5 49. gxf5 exf5 
50. Kd3 Bh2 51. Ke2 g4 52. hxg4 fxg4 53. Kf2 Ke6 54. Kg2 Bf4 55. Ba6 Kf5 
56. Bc8+ Kg5 57. Bd7 Be5 58. Bc6 h5 59. Kh1 h4 60. Bd5 b5 61. axb5 a4 62. 
b6 a3 63. Ba2 h3 64. b7 g3 65. Kg1 Bd4+ 66. Kh1 g2+ 67. Kh2 g1=Q+ 0-1

[Event "2015 REGULAR QUAD, S50459"]
[Site "CCLA"]
[Date "2015.12.20"]
[Round "?"]
[White "Catania, Duane"]
[Black "Perry, William E."]
[Result "1-0"]
[WhiteElo "1642"]
[BlackElo "1440"]

1. e4 c5 2. f4 d5 3. Bb5+ Bd7 4. Qe2 dxe4 5. Bxd7+ Qxd7 6. Qxe4 Nf6 7. Qe2
e6 8. Nf3 Nc6 9. O-O Bd6 10. d3 O-O 11. Nc3 a6 12. Kh1 Qc7 13. Ne4 Bxf4 
14. Bxf4 Qxf4 15. Nxc5 Qc7 16. Nb3 Ng4 17. h3 Nge5 18. Ng5 Rac8 19. c3 Ng6
20. Qh5 h6 21. Nxe6 fxe6 22. Qxg6 Rxf1+ 23. Rxf1 Rf8 24. Qxe6+ Rf7 25. 
Qe8+ 1-0

[Event "2015 Server Team Ch - Div 1, S51999"]
[Site "CCLA"]
[Date "2015.10.30"]
[Round "?"]
[White "Cooper, Ronald A."]
[Black "Silverman, Robert"]
[Result "1-0"]
[WhiteElo "1982"]
[BlackElo "1897"]
[Board "6"]
[WhiteTeam "BCCA Rooks"]
[BlackTeam "Pennsylvania Keystones"]

1. e4 c5 2. f4 d5 3. exd5 Nf6 4. Bb5+ Nbd7 5. c4 a6 6. Ba4 b5 7. cxb5 Nxd5
8. Nf3 g6 9. Nc3 N5b6 10. d4 Nxa4 11. Qxa4 Bg7 12. dxc5 Nxc5 13. Qc4 Nd3+ 
14. Ke2 Bxc3 15. Qxc3 Nxc1+ 16. Raxc1 O-O 17. a3 Qb6 18. Qc6 Qb8 19. b6 a5
20. Qc7 Ba6+ 21. Kf2 Rc8 22. Qxb8 Rcxb8 23. Rhe1 e6 24. Rc6 Bb7 25. Rd6 a4
26. Ne5 Ra5 27. Rc1 Rb5 28. Rd2 Bd5 29. Nd7 Rd8 30. Rc5 Rb3 31. Rc7 Kg7 
32. Rdc2 h5 33. Kg1 h4 34. Ne5 Rf8 35. Ra7 Rb5 36. h3 Bb3 37. Rcc7 Rxe5 
38. fxe5 Bd5 39. Rxa4 g5 40. Raa7 Kg6 41. a4 Rb8 42. a5 Kf5 43. b7 g4 44. 
a6 1-0

[Event "Premier Quad, S50229"]
[Site "CCLA"]
[Date "2015.05.15"]
[Round "?"]
[White "Stevens, Daniel L."]
[Black "Jarmuz, Frederick"]
[Result "0-1"]
[WhiteElo "1775"]
[BlackElo "1945"]

1. e4 c5 2. d4 cxd4 3. c3 dxc3 4. Nxc3 Nc6 5. Bb5 a6 6. Bc4 Nf6 7. Nf3 e6 
8. Qe2 b5 9. Bb3 b4 10. Na4 a5 11. Be3 Qc7 12. Nb6 Rb8 13. Nd5 exd5 14. 
exd5 Ne7 15. d6 Qxd6 16. Ng5 Nfd5 17. O-O Ba6 18. Qf3 Bxf1 19. Qxf7+ Kd8 
20. Rxf1 Nxe3 21. Qh5 Nxf1 22. Nf7+ Kc7 23. Nxd6 Kxd6 24. Qf7 Nc6 25. Kxf1
Kc7 26. Ba4 g6 27. Qd5 Ra8 28. Ke2 Re8+ 29. Kd3 Re5 30. Qf3 Bc5 0-1

[Event "Winter Series, S50031"]
[Site "CCLA"]
[Date "2015.01.28"]
[Round "?"]
[White "Blankenship, Jerry T."]
[Black "Disque, Philip"]
[Result "1-0"]
[WhiteElo "1564"]
[BlackElo "1603"]

1. e4 c5 2. c3 g6 3. d4 cxd4 4. cxd4 d5 5. Nc3 dxe4 6. Nxe4 Bg7 7. Nf3 
Qa5+ 8. Bd2 Qd5 9. Nc3 Qe6+ 10. Be3 Bd7 11. Rc1 Nh6 12. d5 Qg4 13. Qb3 b6 
14. h3 Qf5 15. Nd4 Qe5 16. Nf3 Qf5 17. Nb5 Bxb5 18. Bxb5+ Nd7 19. O-O O-O 
20. Bd3 Nc5 21. Bxc5 1-0

[Event "Winter Series, S50031"]
[Site "CCLA"]
[Date "2015.01.28"]
[Round "?"]
[White "Blankenship, Jerry T."]
[Black "Richardson, Ryan M."]
[Result "0-1"]
[WhiteElo "1564"]
[BlackElo "1795"]

1. e4 c5 2. c3 g6 3. d4 Bg7 4. Bc4 cxd4 5. cxd4 Nc6 6. Ne2 d6 7. O-O e6 8.
 Nbc3 a6 9. d5 Ne5 10. Qb3 b5 11. Bxb5+ axb5 12. dxe6 Bxe6 13. Qxb5+ Qd7 
14. Qxd7+ Kxd7 15. Be3 Nc4 16. Bc1 Nf6 17. b3 Nxe4 0-1

[Event "Premier Quad, S50079"]
[Site "CCLA"]
[Date "2015.03.04"]
[Round "?"]
[White "Clancey, James"]
[Black "Vaughan, James"]
[Result "0-1"]
[WhiteElo "2019"]
[BlackElo "2296"]

1. e4 c5 2. c3 e6 3. d4 d5 4. exd5 exd5 5. Nf3 Nc6 6. Bb5 Bd6 7. O-O cxd4 
8. Nxd4 Ne7 9. Bg5 f6 10. Be3 Qc7 11. h3 a6 12. Ba4 O-O 13. Nd2 Bd7 14. 
N2f3 Ne5 15. Bxd7 Qxd7 16. Nxe5 fxe5 17. Ne2 Qe6 18. Qd2 Rf7 19. Bg5 Bc7 
20. Rad1 Rd8 21. f4 h6 22. Bxe7 Rxe7 23. fxe5 Qxe5 24. Nf4 Rf7 25. g3 Rdf8
26. Qxd5 Bb6+ 27. Kg2 Qxd5+ 28. Rxd5 g5 0-1

[Event "2015 NA Class C-Rd1 Sect 1, S50091"]
[Site "CCLA"]
[Date "2015.04.27"]
[Round "?"]
[White "Simonson, Jay"]
[Black "McLaughlin, Ed"]
[Result "0-1"]
[WhiteElo "1359"]
[BlackElo "1493"]

1. e4 c5 2. c3 d5 3. exd5 Qxd5 4. d4 c4 5. Nf3 b5 6. Be2 Nc6 7. O-O Bb7 8.
 Na3 a6 9. Qd2 e6 10. Qf4 Bd6 11. Ne5 Nxe5 12. dxe5 Qxg2# 0-1

[Event "Premier Quad, S50229"]
[Site "CCLA"]
[Date "2015.05.15"]
[Round "?"]
[White "Blankenship, Jerry T."]
[Black "Jarmuz, Frederick"]
[Result "0-1"]
[WhiteElo "1564"]
[BlackElo "1945"]

1. e4 c5 2. c3 d5 3. exd5 Qxd5 4. d4 Nf6 5. Nf3 Nc6 6. Be2 Bf5 7. c4 Qd6 
8. d5 Nb4 9. Na3 a6 10. O-O O-O-O 11. Ng5 Bg6 12. f4 h6 13. Nf3 e6 14. 
dxe6 Qxe6 15. Bd2 Ne4 16. Nb1 Nc2 0-1

[Event "2015 REGULAR QUAD, S50089"]
[Site "CCLA"]
[Date "2015.03.06"]
[Round "?"]
[White "Williams, Rufus H."]
[Black "Garner Jr., Curtis E."]
[Result "1-0"]
[WhiteElo "1309"]
[BlackElo "1600"]

1. e4 c5 2. c3 Nf6 3. d3 Nc6 4. Nf3 e5 5. Bg5 Be7 6. Be2 O-O 7. O-O h6 8. 
Bxh6 gxh6 9. Nh4 d5 10. f3 Qb6 11. Qc1 c4+ 12. Kh1 dxe4 13. fxe4 cxd3 14. 
Bxd3 Ng4 15. Nf5 Bxf5 16. Qe1 Be6 17. b3 1-0

[Event "Premier Quad, S50439"]
[Site "CCLA"]
[Date "2015.11.11"]
[Round "?"]
[White "Stevens, Daniel L."]
[Black "Ramsden, Jim E."]
[Result "0-1"]
[WhiteElo "1779"]
[BlackElo "1789"]

1. e4 c5 2. d4 cxd4 3. c3 Nf6 4. e5 Nd5 5. Nf3 b6 6. Nxd4 e6 7. Nd2 Bb7 8.
 N2f3 Na6 9. Bd3 Nc5 10. Bb1 d6 11. O-O dxe5 12. Nxe5 Qf6 13. f4 Bd6 14. 
Ng4 Qh4 15. g3 Qh3 16. Nf2 Nxf4 0-1

[Event "Premier Quad, S50119"]
[Site "CCLA"]
[Date "2015.03.23"]
[Round "?"]
[White "Laven, George"]
[Black "Hansen, Michael"]
[Result "1/2-1/2"]
[WhiteElo "1772"]
[BlackElo "1754"]

1. e4 c5 2. d4 cxd4 3. c3 Nf6 4. e5 Nd5 5. Nf3 d6 6. exd6 Qxd6 7. Na3 a6 
8. Nc4 Qc7 9. Nxd4 e6 10. a4 Nd7 11. Be2 Be7 12. O-O O-O 13. a5 Rd8 14. 
Bd3 b5 15. axb6 N7xb6 16. Nxb6 Qxb6 17. Qc2 h6 18. Nf3 Bb7 19. Rd1 Rd6 20.
 Ne5 Nf6 21. Nc4 Qc6 22. Bf1 Rxd1 23. Qxd1 Rd8 24. Qe2 Qc7 25. Be3 Bc5 26.
 Bxc5 Qxc5 27. Qe5 Qc8 28. Nd6 Qc7 29. Nc4 Qc8 30. Nd6 Qc7 1/2-1/2

[Event "2015 NA Server Ch (CCLA Rules), S50169"]
[Site "CCLA"]
[Date "2015.04.27"]
[Round "?"]
[White "Belanoff, Stuart"]
[Black "Vaughan, James"]
[Result "1/2-1/2"]
[WhiteElo "2264"]
[BlackElo "2268"]

1. e4 c5 2. c3 Nf6 3. e5 Nd5 4. d4 cxd4 5. Nf3 Nc6 6. cxd4 d6 7. Bc4 Nb6 
8. Bb3 dxe5 9. d5 Na5 10. Nc3 f6 11. O-O Nxb3 12. axb3 g6 13. Be3 Bg7 14. 
b4 Bf5 15. Qb3 Nc8 16. Nd2 O-O 17. Nde4 b6 18. f3 Qd7 19. Rfd1 Rb8 20. Qc4
Rb7 21. Nb5 Bxe4 22. d6+ Kh8 23. dxe7 Qxe7 24. Qxe4 Rd7 25. h3 f5 26. Qc6 
Rxd1+ 27. Rxd1 Qxb4 28. Bf2 Ne7 29. Qd7 Ng8 30. Nd6 Qb3 31. Rc1 Nf6 32. 
Qe7 Qg8 33. Qxa7 Nd5 34. Qd7 h6 35. Bg3 e4 36. fxe4 Nf6 37. Qa4 Qe6 38. 
Re1 fxe4 39. Nxe4 Nxe4 40. Rxe4 Qf6 41. b4 Qf1+ 42. Kh2 b5 43. Qa7 Rf7 44.
 Qb8+ Kh7 45. Be5 Qf5 46. Bxg7 Kxg7 47. Qa8 Kh7 48. Qe8 Kg7 49. Qe5+ Qxe5+
50. Rxe5 Rf5 51. Rxf5 gxf5 52. Kg3 Kf6 53. Kf4 Ke6 54. h4 Kf6 55. h5 Ke6 
56. Kf3 Ke5 57. g3 Kd4 58. Kf4 Kc4 59. Kxf5 Kxb4 60. Kf6 Kc3 61. Kg6 b4 
62. Kxh6 b3 63. g4 b2 64. g5 b1=Q 65. g6 Qc1+ 66. Kh7 Kd4 67. g7 Qc2+ 68. 
Kh8 Qf5 69. g8=Q Qxh5+ 70. Kg7 1/2-1/2

[Event "2015  Server Team - Div 3, S53999"]
[Site "CCLA"]
[Date "2015.10.30"]
[Round "?"]
[White "Blankenship, Jerry T."]
[Black "Tibbert, Peter H."]
[Result "1-0"]
[WhiteElo "1527"]
[BlackElo "1789"]
[Board "3"]
[WhiteTeam "Knights of the Square Table"]
[BlackTeam "BCCA Bishops"]

1. e4 c5 2. c3 Nf6 3. e5 Nd5 4. d4 cxd4 5. cxd4 d6 6. Nf3 Nc6 7. Bc4 Nb6 
8. Bb5 dxe5 9. Nxe5 Bd7 10. Nxd7 Qxd7 11. O-O a6 12. Bxc6 Qxc6 13. Nc3 e6 
14. Be3 Rd8 15. Rc1 Bd6 16. Qg4 g6 17. Ne4 Qb5 18. Nf6+ Ke7 19. a4 Nxa4 
20. Ne4 f6 21. d5 exd5 22. Nxf6 Be5 23. Rfe1 Kf7 24. Bg5 d4 25. Rc7+ Bxc7 
26. Qe6+ 1-0

[Event "2015 Regular Quad, S50019"]
[Site "CCLA"]
[Date "2015.01.16"]
[Round "?"]
[White "Graupera, Carlos"]
[Black "Haase, F. Philip"]
[Result "0-1"]
[WhiteElo "1466"]
[BlackElo "1813"]

1. e4 c5 2. c3 Nf6 3. e5 Nd5 4. d4 cxd4 5. Nf3 e6 6. cxd4 d6 7. Bc4 Nc6 8.
 O-O Be7 9. Nc3 Nxc3 10. bxc3 O-O 11. Bf4 b6 12. exd6 Bxd6 13. Bxd6 Qxd6 
14. Bb3 Bb7 15. Qd3 Ne7 16. Ne5 Nd5 17. Bc2 g6 18. f4 Rac8 0-1

[Event "2015 Server Team Champ - Div 4, S54999"]
[Site "CCLA"]
[Date "2015.10.28"]
[Round "?"]
[White "Fritsch, Michael"]
[Black "Cangelosi, Dominic"]
[Result "1-0"]
[WhiteElo "1390"]
[BlackElo "1419"]
[Board "2"]
[WhiteTeam "Pennsylvania Duck Patrol"]
[BlackTeam "Pennsylvania Pawn Pushers"]

1. e4 c5 2. Nc3 Nf6 3. d3 d5 4. f3 d4 5. e5 dxc3 6. exf6 cxb2 7. Bxb2 Qa5+
8. c3 exf6 9. f4 Qc7 10. Qd2 Bd6 11. Ne2 Bg4 12. Qe3+ Qe7 13. Qxe7+ Bxe7 
14. h3 Bf5 15. d4 cxd4 16. Nxd4 Be4 17. Kf2 Bc5 18. Kg3 Bd6 19. Re1 f5 20.
 Nxf5 O-O 21. Rxe4 Bc7 22. c4 Nc6 23. Bxg7 Rfe8 24. Bd3 Re6 25. Bc3 Rd8 
26. Bc2 a6 27. Rhe1 b5 28. Rxe6 fxe6 29. Nh6+ Kf8 30. Rxe6 Nd4 31. Bxd4 
Rxd4 32. cxb5 Rxf4 33. Bb3 Re4+ 34. Kf3 Rxe6 35. Bxe6 axb5 36. Bb3 b4 37. 
h4 Be5 38. h5 Kg7 39. Nf5+ Kf6 40. g4 Kg5 41. Ne3 Bg7 42. Bd1 h6 43. Nd5 
Bf8 44. Ke4 Bd6 45. Kd4 1-0

[Event "2015 REGULAR QUAD, S50389"]
[Site "CCLA"]
[Date "2015.09.16"]
[Round "?"]
[White "Gunning, Edward E."]
[Black "Acosta, Errol"]
[Result "1-0"]
[WhiteElo "1439"]
[BlackElo "1494"]

1. e4 c5 2. g3 d6 3. Nc3 Nf6 4. Bg2 g6 5. Nf3 Bg7 6. d4 cxd4 7. Nxd4 a6 8.
 O-O O-O 9. Be3 e5 10. Nf3 Nc6 11. Nd5 Nxe4 12. Nb6 Rb8 13. Nd5 Nf6 14. 
Bg5 Be6 15. Nxf6+ Bxf6 16. Be3 Bg7 17. c3 f5 18. Ng5 Bc8 19. Qd5+ Kh8 20. 
Nf7+ Rxf7 21. Qxf7 Ne7 22. Bg5 Qg8 23. Qxe7 h6 24. Qxd6 Be6 25. Be7 e4 26.
 Rfe1 Re8 27. f3 Qf7 28. Bd8 Bf8 29. Qd4+ Bg7 30. Qb6 Qd7 31. Rad1 Qc8 32.
 fxe4 f4 33. gxf4 Bd7 34. Bf6 Re6 35. Bxg7+ Kxg7 36. Qd4+ 1-0

[Event "Summer Series, S50291"]
[Site "CCLA"]
[Date "2015.07.25"]
[Round "?"]
[White "Bapple, Edward C."]
[Black "Jarmuz, Frederick"]
[Result "0-1"]
[WhiteElo "1908"]
[BlackElo "1945"]

1. e4 c5 2. Nc3 d6 3. f4 Nf6 4. Nf3 Nc6 5. Be2 g6 6. O-O Bg7 7. d3 O-O 8. 
Ne1 Qb6 9. Rb1 Be6 10. Be3 Nd4 11. Bf3 a5 12. a3 a4 13. h3 h6 14. Qd2 h5 
15. Bf2 Bh6 16. Kh1 Rfe8 17. Bh4 Red8 18. Bg5 Bxg5 19. fxg5 Nd7 20. Bd1 
Ne5 21. Nf3 Kg7 22. Nd5 Bxd5 23. exd5 Rf8 24. c3 Ndxf3 25. gxf3 c4 26. d4 
Nd3 27. Be2 Qb5 28. Bxd3 cxd3 29. Rg1 Rae8 30. Rbc1 e5 31. c4 Qd7 32. Kh2 
Qf5 33. Rc3 exd4 34. Rxd3 Re3 35. Rxe3 Qf4+ 36. Kg2 dxe3 37. Qc3+ Kg8 38. 
Qd3 Re8 39. Qe2 Qxg5+ 40. Kf1 Qf4 0-1

[Event "PREMIER QUAD, S50209"]
[Site "CCLA"]
[Date "2015.05.01"]
[Round "?"]
[White "Disque, Philip"]
[Black "Silverman, Robert"]
[Result "0-1"]
[WhiteElo "1603"]
[BlackElo "1888"]

1. e4 c5 2. Nc3 Nc6 3. f4 e5 4. fxe5 Nxe5 5. d4 cxd4 6. Qxd4 f6 7. Bf4 Ne7
8. Nf3 N7c6 9. Qd2 Bb4 10. Be2 d6 11. Nxe5 dxe5 12. Qxd8+ Nxd8 13. Bd2 Ne6
14. O-O-O Nd4 15. Bb5+ Kf7 16. Bc4+ Be6 17. Bxe6+ Kxe6 18. Nd5 Bxd2+ 19. 
Kxd2 Rac8 20. c3 Nb5 21. g4 Nd6 22. Kd3 h5 23. h3 Rc4 24. Ne3 Rxe4 25. c4 
Rd4+ 26. Kc3 Ne4+ 27. Kb4 Nf2 28. Rxd4 exd4 29. Re1 Nd3+ 0-1